| 000 | 00613nam a22001937a 4500 | ||
|---|---|---|---|
| 999 |
_c6822 _d6822 |
||
| 001 | 660 | ||
| 003 | BD-DhUAP | ||
| 005 | 20210107154036.0 | ||
| 008 | 210107s2001 bg ||||| |||| 00| 0 eng d | ||
| 040 |
_aBD-DhUAP _bEng _cBD-DhUAP _dBD-DhUAP |
||
| 082 |
_223 _a401 JOU |
||
| 245 |
_aJournal of the institute of modern languages / _cedited by Jahangir Tareque. |
||
| 260 |
_aDhaka : _bBikalpa Printing Press, _c2001. |
||
| 300 |
_a173 pages ; _c22 cm. |
||
| 650 |
_aBengali language _vStudy and teaching. |
||
| 650 |
_a Language and languages _vStudy and teaching. |
||
| 700 | _aTareque, Jahangir. | ||
| 942 |
_2ddc _cBK |
||